000 01294nam a22002537a 4500
001 2162214035926098
003 UA-OsUOA
005 20250619102053.0
008 250619b -uso|||| |||| 00| fdeng d
020 _a0933341709
040 _aUA-OsUOA
_bukr
_cUA-OsUOA
_dUA-OsUOA
041 _aeng
080 _a343.9
090 _a343.9
_bC60
100 _aClemente G. W.
_920865
245 _aThe Cops Are Robbers: A Convicted Cop's True Story of Police Corruption
_cGerald W. Clemente, Kevin Stevens
260 _aBoston
_bQuinlan Press
_c1987
300 _a225 p.
520 _aA former police captain describes how he and two other policemen became involved in a bank robbery. Like the proverbial hooker who cries rape, Clemente, a bent cop, voices protest: he was not accorded the deference due an officer during investigations into allegations linking him to a bank heist but, rather, was treated as a suspect. On the job he himself was always humane, an attribute he stresses perhaps to temper his admission of personal corruption and which also may underpin his charge that corruption is indigenous to law enforcement.
650 _a343 Кримінальне право. Карні порушення
_91546
700 1 _aStevens K.
_920866
942 _cBK
_2udc
955 _a4
999 _c279268
_d279268